| 000 | 00429nam a2200205Ia 4500 | ||
|---|---|---|---|
| 001 | 13226 | ||
| 003 | GE_BSU | ||
| 008 | 181216s||||||||xx |||||||||||||| ||und|| | ||
| 020 | _a9780751538311 | ||
| 040 | _cGE_BSU | ||
| 080 | _a811.111-312.4 | ||
| 100 | _aAbbott,Jeff. | ||
| 245 | _aPanic. | ||
| 260 | _aLondon. | ||
| 260 | _bTime Warner Books. | ||
| 260 | _c2005 | ||
| 300 | _a408p;18cm. | ||
| 653 | _aPanic. | ||
| 942 | _cBK | ||
| 999 |
_c46390 _d46390 |
||